000 00745nam a2200205 i 4500
001 131889
003 ES-MaACL
005 20230906194051.0
007 t|
008 070214s1906 sp |||| | fre d
100 1 _aRodríguez-Morini, Antonio.
_998686
245 1 0 _aContribution áa l'étude clinique de la paralysie générale en Espagne /
_cA. Rodríguez-Morini.
260 _aBarcelone :
_b[s. n.],
_c1906 (
_fTip. La Académica)
300 _a23 p.
500 _aPrecede al tít.: XV Congrès International de Médecine, Lisbonne, 19 áa 26 avril 1906.
650 4 _aParálisis.
_9148549
711 2 _aCongrès International de Medecine (
_cLisboa (
_d1906) (
_n. 15º)
_9219804
852 _aES-MaACL
_jT-1081-F-5
999 _c131889
_d131889